[Event "Moscow op-E"]
[Site "Moscow"]
[Date "2011.01.31"]
[Round "3.175"]
[White "Ibragimov, Eduard"]
[Black "Shavrov, Vladimir K"]
[Result "1-0"]
[WhiteElo "1873"]
[BlackElo "2120"]
[PlyCount "105"]
[EventDate "2011.01.29"]
[EventType "swiss"]
[EventRounds "9"]
[EventCountry "RUS"]
[SourceTitle "EXT 2022"]
[Source "ChessBase"]
[SourceDate "2021.10.06"]
[SourceVersion "1"]
[SourceVersionDate "2021.10.06"]
[SourceQuality "1"]

1. e4 e5 2. Nf3 Nc6 3. d4 Nf6 4. d5 Nb8 5. Nc3 d6 6. Bb5+ Nbd7 7. Bg5 Be7 8. Qd2 a6 9. Be2 h6 10. Bxf6 Nxf6 11. h3 Bd7 12. Qe3 b5 13. a3 Nh7 14. h4 Nf6 15. Nd2 Qb8 16. f3 Nh5 17. Nf1 Nf4 18. Kf2 h5 19. g3 Ng6 20. Bd3 Qd8 21. Qd2 Rc8 22. Ne3 Nxh4 23. gxh4 Bxh4+ 24. Ke2 Bg5 25. Rag1 g6 26. Qe1 c5 27. dxc6 Rxc6 28. Ncd5 h4 29. Qf2 Be6 30. Qg2 Bh6 31. Nb4 Rc8 32. Nbd5 Rc5 33. c3 Rc8 34. a4 Rb8 35. axb5 axb5 36. b4 Bd7 37. Ng4 Bg7 38. Qf2 Ra8 39. Ra1 Rxa1 40. Rxa1 0-0 41. Ra7 f5 42. Nh2 Bh6 43. Qg1 g5 44. exf5 Rf7 45. Ng4 Qf8 46. Rxd7 Rxd7 47. Ndf6+ Kg7 48. Nxd7 Qa8 49. f6+ Kh8 50. Qb1 Bf8 51. Qb3 d5 52. Ngxe5 Bd6 53. Nf7+ 1-0